Szczegóły MARC21

Wiek XIX w źródłach : wybór tekstów źródłowych z propozycjami metodycznymi dla nauczycieli historii, studentów i uczniów /

003 -Nazwa inst., której nr kontr. jest w polu 001 [,]
    • @
    • Nazwa instytucji, której n kontrolny jest w polu 001
    • NUKAT
005 -DATA I CZAS OSTATNIEJ MODYFIKACJI [,]
    • @
    • pole kontrolne
    • 20241231112320.0
020 -Międzynarod. znormalizowany nr książki - ISBN [ , ]
    • a
    • Numer ISBN
    • 8301125829 Find
040 -Instytucja sporządzająca opis [ , ]
    • a
    • Instytucja, która sporządziła opis (NP)
    • TOR U/lf
    • c
    • Instytucja, która sporządziła rekord (NP)
    • TOR U/lf
    • d
    • Instytucja, która zmodyfikowała rekord (P)
    • TOR U/LF
    • d
    • Instytucja, która zmodyfikowała rekord (P)
    • Ł U/TKs
942 -Rodzaj dokumentu [ , ]
    • c
    • Rodzaj dokumentu
    • Książka
245 -Strefa tytułu i oznaczenia odpowiedzialności [0,0]
    • a
    • Tytuł
    • Wiek XIX w źródłach : Find
    • b
    • Ciąg dalszy tytułu (NP)
    • wybór tekstów źródłowych z propozycjami metodycznymi dla nauczycieli historii, studentów i uczniów / Find
    • c
    • Pozostałe elementy strefy tytułu i oznaczenia odpowiedzialności (NP)
    • oprac. Melania Sobańska-Bondaruk, Stanisław Bogusław Lenard.
260 -Strefa adresu wydawniczego [ , ]
    • a
    • Miejsce wydania (P)
    • Warszawa :
    • b
    • Nazwa wydawcy (P)
    • Wydaw. Naukowe PWN,
    • c
    • Data wydania (P)
    • 1998.
300 -Strefa opisu fizycznego [ , ]
    • a
    • Określenie formy książki i/lub objętość (NP)
    • 494, [2] s. :
    • b
    • Oznaczenie ilustracji (NP)
    • il., faks., wykr. ;
    • c
    • Format (NP)
    • 24 cm.
336 -Typ zawartości [ , ]
    • a
    • Termin opisujący typ zawartości
    • Tekst
    • b
    • Kod określający zawartość
    • txt
    • 2
    • Źródło (terminu i kodu)
    • rdacontent
337 -Typ mediów [ , ]
    • a
    • Tryb odtwarzania
    • Bez urządzenia pośredniczącego
    • b
    • Kod typu mediów
    • n
    • 2
    • Źródło (terminu i kodu)
    • rdamedia
338 -Typ/rodzaj nośnika [ , ]
    • a
    • Hasło opisujące typ nośnika
    • Wolumin
    • b
    • Kod typu nośnika
    • nc
    • 2
    • Źródło (terminu i kodu)
    • rdacarrier
504 -Uwaga dot. bibliogr. załącznikowej [ , ]
    • a
    • Uwaga dot. bibliografii załącznikowej
    • Bibliogr. s. 491-494.
080 -Uniwersalna Klasyfikacja Dziesiętna [ , ]
    • a
    • Symbol klasyfikacji
    • 94"18"(093)
080 -Uniwersalna Klasyfikacja Dziesiętna [ , ]
    • a
    • Symbol klasyfikacji
    • +943.8.07"18"(093)
650 -Hasło przedmiotowe [ ,7]
    • a
    • Hasło przedmiotowe
    • Historia powszechna
    • y
    • Określnik chronologiczny
    • 19 w.
    • x
    • Określnik rzeczowy
    • źródła.
    • 2
    • Źródło terminu
    • kaba
    • 9
    • KHW
    • 409781
650 -Hasło przedmiotowe [ ,7]
    • a
    • Hasło przedmiotowe
    • Historia powszechna
    • y
    • Określnik chronologiczny
    • 19 w.
    • v
    • Określnik formalny
    • zadania i ćwiczenia.
    • 2
    • Źródło terminu
    • kaba
    • 9
    • KHW
    • 526186
980 -Symbol UKD [ , ]
    • a
    • UKD
    • 94+943.8.07]"18"(093)
700 -Hasło dodatkowe - nazwa osobowa [1, ]
    • a
    • Nazwa osobowa (NP)
    • Sobańska-Bondaruk, Melania. Find
    • e
    • Określenie rodzaju współpracy
    • Oprac.
    • 9
    • KHW
    • 37760
700 -Hasło dodatkowe - nazwa osobowa [1, ]
    • a
    • Nazwa osobowa (NP)
    • Lenard, Stanisław Bogusław Find
    • d
    • Daty biograficzne (NP)
    • (1961- ).
    • e
    • Określenie rodzaju współpracy
    • Oprac.
    • 9
    • KHW
    • 398833
710 -Hasło dodatkowe - nazwa ciała zbiorowego [2, ]
    • a
    • Nazwa ciała zbiorowego lub nazwa geograficzna jako pierwszy element (NP)
    • Wydawnictwo Naukowe PWN.
    • 4
    • Kod relacji
    • pbl
    • 9
    • KHW
    • 52648
920 -ISBN [ , ]
    • a
    • ISBN
    • 83-01-12582-9 Find
Status udost. Numer inwentarzowy Lokalizacja Data inwentaryzacji Sygnatura
-3W.196140BG1998-10-22W.196140
-3W.196141BG1998-10-22W.196140
-3W.196142BG1998-10-22W.196140
-3W.196143BG1998-10-22W.196140
-3W.196144BG1998-10-22W.196140
2W.196145BG1998-10-22W.196140
2W.196146BG1998-10-22W.196140
2W.196147BG1998-10-22W.196140
2W.196148BG1998-10-22W.196140
2W.196149BG1998-10-22W.196140
1Z.93839BG1999-05-11Z.93839
1H.8058BNS1999-05-11 
-3H.8470BNS1999-12-10 
-3H.9585BNS2001-02-14 
1SA.10451BSA2001-02-14SA.10451